Ligand substitution processes (Record no. 2076)
[ view plain ]
| 000 -LEADER | |
|---|---|
| fixed length control field | 00571nam a2200169 4500 |
| 020 ## - ISBN | |
| International Standard Book Number | 0805358220 |
| 050 00 - LIBRARY OF CONGRESS CALL NUMBER | |
| Classification Number | QD474 |
| Item Number | .L36 1974 |
| 100 1# - MAIN ENTRY--Author | |
| Personal name | Langford, Cooper Harold, |
| Dates associated with a name | 1934- |
| 245 10 - TITLE | |
| Title | Ligand substitution processes |
| Statement of responsibility, etc | [by] Cooper H. Langford [and] Harry B. Gray. |
| 250 ## - EDITIONSTATEMENT | |
| Edition statement | [2d print., with corrections] |
| 260 ## - PUBLICATION, DISTRIBUTION, ETC.(IMPRINT) | |
| Place of publication, distribution, etc | Reading, Mass., |
| Name of publisher, distributor, etc | W. A. Benjamin, |
| Date of publication, distribution, etc | 1966 [i.e. 1974] |
| 300 ## - PHYSICAL DESCRIPTION | |
| Extent | viii, 111 p. |
| 500 ## - GENERALNOTE | |
| General note | indexed,ill |
| 650 #0 - SUBJECT--TOPIC | |
| Topical term following geographic name as entry element | Coordination compounds, substitution reactions , Ligands , Chemical reactions |
| 700 1# - ADDED ENTRY--PERSONAL AUTHOR | |
| Personal Name | Gray, Harry B., |
| 942 ## - ADDED ENTRY ELEMENTS(KOHA) | |
| Koha item type | General circulation |
| Source of classification or shelving scheme | Not for loan | Location (home branch) | Sublocation (holding branch) | Date accessioned | Cost, normal purchase price | Full call number | Barcode | Cost, replacement price | Koha item type | Public note |
|---|---|---|---|---|---|---|---|---|---|---|
| Library of Congress Classification | Main Campus Library | Main Campus Library | 27/08/2014 | 513.30 | QD474 .L36 1974 | 2019/021772 | 1113.00 | General circulation | amm |